Japan company handbook : Fisrt section autumn 1987
保存先:
| フォーマット: | 図書 |
|---|---|
| 言語: | Undetermined |
| 出版事項: |
Tokyo
Toyo Keizai Shinposha
1987
|
| 主題: | |
| タグ: |
タグ追加
タグなし, このレコードへの初めてのタグを付けませんか!
|
| Thư viện lưu trữ: | Trung tâm Học liệu Trường Đại học Cần Thơ |
|---|
| LEADER | 00480nam a2200181Ia 4500 | ||
|---|---|---|---|
| 001 | CTU_97787 | ||
| 008 | 210402s9999 xx 000 0 und d | ||
| 082 | |a 338.7 | ||
| 082 | |b J11 | ||
| 245 | 0 | |a Japan company handbook : | |
| 245 | 0 | |b Fisrt section autumn 1987 | |
| 245 | 0 | |c Toyo Keizai Shinposha | |
| 260 | |a Tokyo | ||
| 260 | |b Toyo Keizai Shinposha | ||
| 260 | |c 1987 | ||
| 650 | |a Industries | ||
| 904 | |i Hiếu | ||
| 980 | |a Trung tâm Học liệu Trường Đại học Cần Thơ | ||